A concise guide for writers / (Record no. 12185)

MARC details
000 -LEADER
fixed length control field 01191cam a2200349 a 4500
001 - CONTROL NUMBER
control field 462324
003 - CONTROL NUMBER IDENTIFIER
control field EG-ScBUE
005 - DATE AND TIME OF LATEST TRANSACTION
control field 20191230130037.0
008 - FIXED-LENGTH DATA ELEMENTS--GENERAL INFORMATION
fixed length control field 831118t1984 nyu f 001 0 eng d
020 ## - INTERNATIONAL STANDARD BOOK NUMBER
International Standard Book Number 0030626285
040 ## - CATALOGING SOURCE
Original cataloging agency DLC
Language of cataloging eng
Description conventions rda
Transcribing agency DLC
Modifying agency DLC
-- EG-ScBUE
082 04 - DEWEY DECIMAL CLASSIFICATION NUMBER
Classification number 808.042
Item number GLO
Edition number 22
100 1# - MAIN ENTRY--PERSONAL NAME
Personal name Glorfeld, Louis E,
Relator term author.
9 (RLIN) 7499
245 12 - TITLE STATEMENT
Title A concise guide for writers /
Statement of responsibility, etc The late Louis E. Glorfeld, University of Denver, David A. Lauerman, Conisius College, Buffalo, Norman C. Stageberg, University of Northern Iowa.
250 ## - EDITION STATEMENT
Edition statement Sixth edition.
264 #1 - PUBLICATION, DISTRIBUTION, ETC. (IMPRINT)
Place of publication, distribution, etc New York,
Name of publisher, distributor, etc Holt, Rinehart and Winston,
Date of publication, distribution, etc [1984]
264 #4 - PUBLICATION, DISTRIBUTION, ETC. (IMPRINT)
Date of publication, distribution, etc c 1984
300 ## - PHYSICAL DESCRIPTION
Extent xi, 226 pages ;
Dimensions 21 cm
336 ## - CONTENT TYPE
Source rdacontent
Content type term text
Content type code txt
337 ## - MEDIA TYPE
Source rdamedia
Media type term unmediated
Media type code n
338 ## - CARRIER TYPE
Source rdacarrier
Carrier type term volume
Carrier type code nc
500 ## - GENERAL NOTE
General note Includes index.
500 ## - GENERAL NOTE
General note Includes appendix.
590 ## - LOCAL NOTE (RLIN)
Local note Bilal
650 #7 - SUBJECT ADDED ENTRY--TOPICAL TERM
Topical term or geographic name as entry element English language
General subdivision Rhetoric.
Source of heading or term BUEsh
9 (RLIN) 7500
650 #7 - SUBJECT ADDED ENTRY--TOPICAL TERM
Topical term or geographic name as entry element Report writing.
Source of heading or term BUEsh
9 (RLIN) 7502
653 ## - INDEX TERM--UNCONTROLLED
Resource For college Humanities: English
Arrived date list June2019
655 ## - INDEX TERM--GENRE/FORM
Form subdivision Reading book
700 1# - ADDED ENTRY--PERSONAL NAME
Personal name Stageberg, Norman C,
Relator term author.
9 (RLIN) 7504
700 1# - ADDED ENTRY--PERSONAL NAME
Personal name Lauerman, David A,
Dates associated with a name 1931-
Relator term author.
9 (RLIN) 7503
942 ## - ADDED ENTRY ELEMENTS (KOHA)
Source of classification or shelving scheme Dewey Decimal Classification
Koha item type Book - Borrowing
Holdings
Withdrawn status Lost status Source of classification or shelving scheme Damaged status Not for loan Collection code Home library Current library Shelving location Date acquired Source of acquisition Cost, normal purchase price Serial Enumeration / chronology Total Checkouts Full call number Barcode Date last seen Price effective from Koha item type
    Dewey Decimal Classification     Alahram Central Library Central Library Second Floor 05/07/2009   52.60 72   808.042 GLO 000017200 09/02/2026 05/07/2009 Book - Borrowing